00939nam a2200229 a 450000100100000000500170001000800410002704000250006808200150009310000310010824000290013924500870016826000430025530000210029859000760031965000310039565000350042670000370046104900090049895201850050799900170069200003501420200930074040.0111024s1968 es 000 f spa d aDO-SdBNPbspacBNPHU a813bH468r1 aHeinlein, Robert A.96063410aRevolt in 2100linglés10aRevuelta en el 2100 /cRobert A. Heinlein ; traducción Jesus de la Torre Roldan. aBarcelona :bEdiciones Geminis,c1968. a256 p. ;c18 cm. aPerteneció a la biblioteca personal de Juan Isidro Jimenes Grullón. 4aNovela estadounidense9262 4aLiteratura estadounidense926312aTorre Roldan, Jesus de la960635 aBNPD 001050718MOaGRbGRcHDd2011-10-24iLF1l0o813 H468rp35014-10r2020-06-25w2020-06-25y1zPerteneció a la biblioteca personal de Juan Isidro Jimenes GrullónZNo se presta c34505d34505